Catalog

Record Details

Catalog Search



Stuart Woods' Smolder :  Stone Barrington  Cover Image CD Audiobook CD Audiobook

Stuart Woods' Smolder : Stone Barrington / by Brett Battles.

Summary:

Finally enjoying some downtime in Santa Fe, Stone Barrington agrees to attend an art exhibit with a dear friend. There, he encounters an intriguing woman who is on the trail of a ring of art thieves. Always one to please, Stone offers his help. From Santa Fe to Los Angeles, it quickly becomes clear that her investigation has links to Stone-particularly to rare Matilda Stone art, his mother's paintings. And when old grudges come to light, Stone is forced to reckon with a familiar enemy. Stone must act fast before whoever is out to get him finally closes in on him...for good.

Record details

  • ISBN: 9780593672334
  • ISBN: 059367233X
  • Physical Description: 7 audio discs (8 hr., 30 min.) : digital, CD audio ; 4 3/4 in.
  • Edition: Unabridged
  • Publisher: New York, NY : Penguin Audio, 2024.

Content descriptions

Participant or Performer Note:
Read by Tony Roberts.
Subject: Barrington, Stone (Fictitious character) > Fiction.
Art thefts > Fiction.
Smugglers > Fiction.
Criminal investigation > Fiction.
Man-woman relationships > Fiction.
Private investigators > Fiction.
Secrecy > Fiction.
Art thieves > Fiction.
Santa Fe (N.M.) > Fiction.
Genre: Audiobooks.
Thrillers (Fiction)
Action and adventure fiction.
Novels.
Detective and mystery fiction.

Available copies

  • 2 of 2 copies available at scottsboropl.

Holds

  • 0 current holds with 2 total copies.
Show All Copies
Location Call Number / Copy Notes Barcode Shelving Location Status Due Date
scottsboropl BK/CD Woo 32269001254211 Adult - Audiobook Available -
scottsboropl BK/CD Woo 32269001295545 Storage - Adult Available -

LDR 03756cim a2200805 i 4500
001163629
003SBPL
00520240708103340.0
008240208s2024 nyunnnne f n eng d
007sd fsngnnmmned
020 . ‡a9780593672334
020 . ‡a059367233X
02802. ‡aPRHA 13414 ‡bPenguin Audio
035 . ‡a(OCoLC)1428822265
050 4. ‡aPS3602.A923 ‡bS78 2024ab
08204. ‡a813/.6 ‡223
1000 . ‡aWoods, Stuart 1-6-1938--- 7-22-2022,: ‡eauthor.
1001 . ‡aBattles, Brett,: ‡eauthor.
24510. ‡aStuart Woods' Smolder : ‡b Stone Barrington / ‡cby Brett Battles.
24630. ‡aSmolder
250 . ‡aUnabridged
264 1. ‡aNew York, NY : ‡bPenguin Audio, ‡c2024.
300 . ‡a7 audio discs (8 hr., 30 min.) : ‡bdigital, CD audio ; ‡c4 3/4 in.
306 . ‡a083000
336 . ‡aspoken word ‡bspw ‡2rdacontent
337 . ‡aaudio ‡bs ‡2rdamedia
338 . ‡aaudio disc ‡bsd ‡2rdacarrier
344 . ‡adigital ‡boptical ‡2rda
347 . ‡aaudio file ‡bCD audio
4901 . ‡aA Stone Barrington Novel ; ‡vbk 65
5111 . ‡aRead by Tony Roberts.
520 . ‡aFinally enjoying some downtime in Santa Fe, Stone Barrington agrees to attend an art exhibit with a dear friend. There, he encounters an intriguing woman who is on the trail of a ring of art thieves. Always one to please, Stone offers his help. From Santa Fe to Los Angeles, it quickly becomes clear that her investigation has links to Stone-particularly to rare Matilda Stone art, his mother's paintings. And when old grudges come to light, Stone is forced to reckon with a familiar enemy. Stone must act fast before whoever is out to get him finally closes in on him...for good.
60010. ‡aBarrington, Stone ‡c(Fictitious character) ‡vFiction.
650 0. ‡aArt thefts ‡vFiction.
650 0. ‡aSmugglers ‡vFiction.
650 0. ‡aCriminal investigation ‡vFiction.
650 0. ‡aMan-woman relationships ‡vFiction.
650 0. ‡aPrivate investigators ‡vFiction.
650 0. ‡aSecrecy ‡vFiction.
650 0. ‡aArt thieves ‡vFiction.
651 0. ‡aSanta Fe (N.M.) ‡vFiction.
655 7. ‡aAudiobooks. ‡2lcgft
655 7. ‡aThrillers (Fiction) ‡2lcgft
655 7. ‡aAction and adventure fiction. ‡2lcgft
655 7. ‡aNovels. ‡2lcgft
655 7. ‡aDetective and mystery fiction. ‡2lcgft
7001 . ‡aRoberts, Tony, ‡d1939-: ‡enarrator.
7001 . ‡aWoods, Stuart,: ‡ecreator.
8001 . ‡aWoods, Stuart. ‡tStone Barrington novel. ‡hSpoken word ; ‡vbk. 65.
901 . ‡a163629 ‡bAUTOGEN ‡c163629 ‡tbiblio

Additional Resources